|
|
|
|
| LEADER |
00000cam a2200000 7i4500 |
| 001 |
0000155530 |
| 005 |
20250410.0 |
| 008 |
250410s2024 my # x k may |
| 020 |
|
|
|a 9789672738923
|
| 040 |
|
|
|a PERPUSTAM
|b eng
|c PERPUSTAM
|e rda
|
| 041 |
|
|
|a may
|
| 090 |
0 |
0 |
|a 297.37
|b SAI
|
| 100 |
0 |
|
|a Saini Ag. Damit ,
|e author
|
| 245 |
1 |
0 |
|a Khutbah Jumaat dan Dua Hari Raya :
|b ISU-ISU AGAMA MELESTARI KECEMERLANGAN UMMAH
|c SAINI AG. DAMIT ; KASIM MANSUR
|
| 264 |
|
1 |
|a Kota Kinabalu, Sabah :
|b PENERBIT UNIVERSITI MALAYSIA SABAH
|c 2024
|
| 300 |
|
|
|a vii, 139 pages ;
|c 26 cm.
|
| 336 |
|
|
|a text
|2 rdacontent
|
| 337 |
|
|
|a unmediated
|2 rdamedia
|
| 338 |
|
|
|a volume
|2 rdacarrier
|
| 650 |
1 |
0 |
|a Islamic preaching
|
| 650 |
2 |
0 |
|a Islamic sermons
|
| 700 |
0 |
|
|a Kasim Mansur ,
|e author
|
| 999 |
|
|
|a 0000822132
|b Buku
|c Rak Terbuka
|e Perbadanan Perpustakaan Awam Melaka
|
| 999 |
|
|
|a 0000822133
|b Buku
|c Rak Terbuka
|e Perbadanan Perpustakaan Awam Melaka
|
| 999 |
|
|
|a 0000822134
|b Buku
|c Rak Terbuka
|e Perbadanan Perpustakaan Awam Melaka
|
| 999 |
|
|
|a 0000822135
|b Buku
|c Rak Terbuka
|e Perpustakaan Cawangan Masjid Tanah
|
| 999 |
|
|
|a 0000822136
|b Buku
|c Rak Terbuka
|e Perpustakaan Cawangan Merlimau
|